Computer Fundamentals: (Record no. 186457)

MARC details
000 -LEADER
fixed length control field 00638nam a22002057a 4500
005 - DATE AND TIME OF LATEST TRANSACTION
control field 20220304151205.0
010 ## - LCCN (DPL NO)
LC control number ENG-131842
020 ## - INTERNATIONAL STANDARD BOOK NUMBER
International Standard Book Number 9788176567527
Terms of availability 490.00
035 ## - SYSTEM CONTROL NUMBER
System control number EN-115374
037 ## - SOURCE OF ACQUISITION
Source of stock number/acquisition DBAD/PUB
082 ## - DEWEY DECIMAL CLASSIFICATION NUMBER
Classification number 004
100 ## - MAIN ENTRY--PERSONAL NAME
Personal name Sinha, Pradeep K
245 ## - TITLE STATEMENT
Title Computer Fundamentals:
Remainder of title Concepts,Systems & Applictions/
Statement of responsibility, etc Pradeep k.sinha & Priti sinha
250 ## - EDITION STATEMENT
Edition statement 8th edition
260 ## - PUBLICATION, DISTRIBUTION, ETC. (IMPRINT)
Place of publication, distribution, etc NEW DELHI
Name of publisher, distributor, etc BPB publications
Date of publication, distribution, etc 2021
270 ## - ADDRESS
Address 20,ANSARI ROAD darya ganj
City new delhi
Postal code 110002
Telephone number 23254990
300 ## - PHYSICAL DESCRIPTION
Extent xxiii, 510p.
Dimensions 28cm(pbk)
Other physical details Index
700 ## - ADDED ENTRY--PERSONAL NAME
Personal name Sinha,priti
942 ## - ADDED ENTRY ELEMENTS (KOHA)
Source of classification or shelving scheme Dewey Decimal Classification
Item type English Books
Classification part 004
Call number suffix SIN
Holdings
Withdrawn status Lost status Not for loan Collection code Home library Current library Date acquired Source of acquisition Cost, normal purchase price Full call number Barcode Copy number Cost, replacement price Koha item type
      Non-fiction Central Library Central Library 04/03/2022 DBAD/PUB 490.00 004 SIN EN-115374 1 490.00 English Books

© Delhi Public Library
Hit Counter
free hit counter